New media version vector mechanics for engineers statics and dynamics : Working model 3D simulations /

Đã lưu trong:
書目詳細資料
主要作者: Beer, Ferdinand P. 1915.
其他作者: Johnston, E. Russell 1925-.
格式: 圖書
語言:English
出版: Boston : McGraw-Hill, 2000.
版:6th ed.
主題:
標簽: 添加標簽
沒有標簽, 成為第一個標記此記錄!
Thư viện lưu trữ: Mạng thư viện Đại học Đà Nẵng
LEADER 01456cmm a2200421 a 4500
001 000043249
003 1184
005 20060111142327.0
008 010217b2000 vm 000 eng
020 |a 007239448X 
040 |a LRC  |c LRC  |d LRC 
041 0 |a eng 
082 1 4 |a 620.1  |2 21  |b BE-F 
100 1 |a Beer, Ferdinand P.  |q (Ferdinand Pierre),  |d 1915. 
245 1 0 |a New media version vector mechanics for engineers  |h [Computer file - Đĩa máy tính] :  |b statics and dynamics : Working model 3D simulations /  |c Ferdinand P. Beer & E. Russell Johnston, Jr. 
250 |a 6th ed. 
260 |a Boston :  |b McGraw-Hill,  |c 2000. 
300 |a 1 computer disc :  |b ill. col. ;  |c 4 3/4 in. 
500 |a Title from container. 
630 0 4 |a Statics. 
630 0 4 |a Vector analysis. 
650 0 4 |a Statics. 
650 0 4 |a Vector analysis. 
650 0 4 |a Mechanics Applied. 
650 0 4 |a Dynamics. 
700 1 |a Johnston, E. Russell  |q (Elwood Russell),  |d 1925-. 
OWN |a DUT 
AVA |a UDN50  |b DUT  |c Visual  |d 620.1 BE-F  |e available  |t Error 5001 Not defined in file expand_doc_bib_avail.  |f 1  |g 0  |h N  |i 0  |j AV  |k 1 
999 |a From the UDN01 
AVA |a UDN50  |b DUT  |c Visual  |d 620.1 BE-F  |e available  |t Error 5001 Not defined in file expand_doc_bib_avail.  |f 1  |g 0  |h N  |i 0  |j AV  |k 1 
TYP |a Computer file 
TYP |a Monograph 
980 |a Mạng thư viện Đại học Đà Nẵng